000 00575nam a2200205 a 4500
005 20240213064351.0
008 991125s1965 bue 000 0 spa u
035 _aUPN01000049853
049 _aCG
050 4 _aRC465 L6.68
100 1 _aLogre, Benjamin Joseph
245 1 0 _aPsiquiatría clínica /
_cB.J. Logre ; tr. Christina Souverbielle
260 _aBuenos Aires :
_bTroquel,
_c1965
300 _a302 p
440 0 _aBiblioteca el tema del hombre. Psiquiatría
650 4 _aPsiquiatría
_910046
904 _aAC
_b049855
905 _aLibro
999 _c49853
_d49853